Polska-Albania (26.03.2026) - Statystyki

Ogólne statystyki
  • Ten quiz został rozwiązany 27 razy
  • Średni wynik to 18 z 37
Statystyki odpowiedzi
% Poprawnych
2
100%
P. Zieliński
100%
P. Zieliński
100%
R. Lewandowski
100%
R. Lewandowski
100%
1
95%
J. Bednarek
95%
K. Grabara
95%
M. Cash
91%
J. Urban
86%
S. Szymański
82%
J. Kiwior
77%
O. Pietuszewski
77%
J. Kamiński
68%
J. Moder
68%
K. Świderski
64%
M. Skóraś
64%
T. Kędziora
64%
F. Rózga
59%
B. Slisz
45%
A. Pyrka
41%
E. Hysaj
23%
K. Asllani
23%
E. Muci
18%
T. Strakosha
18%
A. Broja
14%
J. Shehu
14%
S. Sylvinho
14%
A. Ajeti
9%
A. Hoxha
9%
A. Hoxha
9%
N. Bajrami
9%
A. Ismajli
5%
M. Uzuni
5%
Q. Laci
5%
B. Dijimsiti
0%
M. Mitaj
0%
Nie znaleziono quizów pasujących do podanych kryteriów
Rozkład punktacji
Procent ludzi z każdym wynikiem
Percentyl według liczby udzielonych odpowiedzi
Twoja historia wyników
Nie rozwiązałeś tego quizu